| 000 | 01519nam a2200217 u 4500 | ||
|---|---|---|---|
| 001 | 000824284 | ||
| 003 | AM-YeHGA | ||
| 005 | 20250617144620.0 | ||
| 008 | 110721s1973 ||| r 000 0 rus d | ||
| 040 | _aAM-YeHGA | ||
| 041 | 0 | _arus | |
| 100 | 1 | _aВсяких, А.С. | |
| 245 | 1 | 0 |
_aПроизводство говядины на промышленной основе : _bЛекция для студентов-заочников зоотехнического, агрономического, экономического, инженерного факультетов и слушателей одногодичного заочного экономического факультета повышения квалификации руководящих кадров и специалистов сельского хозяйства / _cА.С. Всяких, А.А. Фирстов; М-во сельского хозяйства СССР, Глав. упр. высшего и среднего сельскохозяйственного образования; Всесоюзный сельскохозяйственный ин-т заочного образования. |
| 260 |
_aМосква : _bБ. и., _c1973. |
||
| 300 | _a46 с. | ||
| 504 | _aБиблиогр.: с. 46 | ||
| 653 | 0 | _aЖивотноводство | |
| 710 | 1 | _aФирстов, А.А. | |
| 710 | 2 | _aВсесоюзный сельскохозяйственный институт заочного образования | |
| 090 | _c299180 | ||
| 999 |
_c297487 _d297487 |
||